| 000 | 00997nam a2200229Ia 4500 | ||
|---|---|---|---|
| 003 | OSt | ||
| 005 | 20210512125830.0 | ||
| 008 | 210310s1954 sp gr 000 0 spa d | ||
| 040 |
_aCO-JMCR _cCO-JMCR |
||
| 082 | 0 | 4 |
_a330.946 / _bP272c _223 |
| 100 | 1 |
_aPérez Urruti, Manuel _eautor _926163 |
|
| 245 | 1 | 3 |
_ala coyuntura actual de la producción española / _cManuel Pérez Urruti |
| 260 |
_aMadrid, España : _bAguilar, _c1954. |
||
| 300 |
_axv, 217 páginas ; _c18 cm. |
||
| 490 | 0 |
_aBiblioteca de Ciencias Sociales ; _vEconomía |
|
| 500 | _aIncluye índices. | ||
| 505 | 0 | _aProducción, sinónimo de riqueza. -- La balanza comercial. -- El campo español. -- El panorama industrial. -- Las fuentes de energía. - Inventario actual de las principales industrias.-- El problema de los transportes ferroviarios. | |
| 650 | 1 | 4 |
_aEconomía y producción. _zEspaña _937568 |
| 650 | 2 | 4 |
_aEconomía agrícola. _zEspaña _937569 |
| 650 | 2 | 4 |
_aEconomía agraria. _zEspaña _937570 |
| 942 |
_2ddc _cBK |
||
| 999 |
_c11677 _d11677 |
||